01004nam a2200337uu 4500001000800000005001700008008004100025020001800066035001200084035002100096040001300117041000800130082000800138110006200146245004500208250001700253260004000270300002700310505003100337650002900368650004700397650003000444650004000474650003700514650002000551650002000571650001900591650001900610650001900629650001800648117924820260507134956.0091117s2009 spa  a9789589887301 a1179248 a(OCoLC)777036843 ccomduadb aspa 4a38420aComisión Nacional de Televisión de Colombia4auteaut13aEl derecho de la televisión. Volumen 1 a1. edición aBogotá :bAvance Juridico,c2009. axii, 429 p. + 1 CD-ROM80tEl derecho de la televison aRegulacion de television aComision Nacional de Television (Colombia) aProgramas de televisión aTelevision - Legislacion - Colombia 7aDerecho a la información2viaf aLey 182 de 1995 aLey 335 de 1996 aLey 30 de 1986 aLey 49 de 1990 aLey 14 de 1991 aLey 5 de 1992